| 000 | 00944nam a22002657a 4500 | ||
|---|---|---|---|
| 001 | 6796 | ||
| 003 | FISKH | ||
| 005 | 20250528145945.0 | ||
| 008 | 250528b cb ||||| |||| 00| 0 eng d | ||
| 020 | _a9780545065801 | ||
| 040 |
_aFISKH _beng _cFISKH _dFISKH |
||
| 050 | _aPZ7 | ||
| 082 | _a620.1 | ||
| 100 | _aLee, Quinlan B. | ||
| 245 |
_aThe magic school bus sticks to it / _cby Quinlan B. Lee |
||
| 260 |
_aNew York : _bScholastic, _c2008. |
||
| 300 |
_a16 unnumbered pages : _bcolor illustrations ; _c20 cm |
||
| 505 | _aG | ||
| 520 | _aMiss Frizzle and her students go on a field trip aboard the Magic School Bus, which transforms into a butterfly, to investigate an old house, and when they get stuck in a spider's web, the class must cut its way free with pairs of scissors. | ||
| 521 | 8 |
_a310
_bLexile |
|
| 521 | 8 |
_aG
_bRaz-Plus |
|
| 650 |
_aMagic School Bus _vSpiders |
||
| 942 |
_2ddc _cBK _n0 |
||
| 999 |
_c6796 _d6796 |
||